000
00197nam a22000857a 4500
008
240403b |||||||| |||| 00| 0 eng d
100
_a
CBSE
245
_a
Health Care-X
260
_a
New Delhi
_b
CBSE
_c
2022
999
_c
12546
_d
12546